000 00730nam a22002417a 4500
003 dpl
005 20180602134225.0
008 180602b xxu||||| |||| 00| 0 eng d
010 _aA-996330
020 _a8176460816
_c0.00
035 _aA-996360
037 _bBPPD/PUB
040 _c0
082 _a370.954
100 _aAtma Ram
245 _aEducation in India :
_cby Atma Ram
_breforming the system/
260 _aNew Delhi
_bB.R Publishing Corporation
_c1999
270 _a3779, Ist floor Kanhaiya Nagar
_bNew Delhi
_cDelhi
_e110035
300 _avii, 137p.
_c21 cm (Hb)
500 _aIncludes index
650 _aEducation
_xhistory
_zIndia
942 _adpl
_cEN
_k370.954 / ATM
_2ddc
_h370.954
_mATM
999 _c152509
_d152509